Marvel & DC Locations - Statistics

General Stats
  • This quiz has been taken 13 times
  • The average score is 21 of 92
Answer Stats
Hint Location % Correct
City Gotham
85%
City Metropolis
77%
HQ Avengers Tower
69%
Underworld Hel
69%
Country Wakanda
69%
City Central City
62%
Planet Asgard
54%
Country Sokovia
54%
City Star City
54%
Prison The Raft
54%
Prison Arkham Asylum
46%
HQ Baxter Building
46%
Fortress Fortress of Solitude
46%
Planet Knowhere
46%
HQ Stark Tower
46%
Planet Titan
46%
City Atlantis
38%
HQ Batcave
38%
MCU Universe Earth-616
38%
HQ Hall of Justice
38%
Farm Kent Farm
38%
Country Latveria
38%
Planet Vormir
38%
Island Themyscira
31%
Mansion Wayne Manor
31%
Planet Xandar
31%
School / Mansion X-Mansion
31%
City Coast City
23%
Realm Dark Dimmension
23%
Planet Ego the Living Planet
23%
Planet Midgard
23%
Dimension Mirror Dimension
23%
Realm Quantum Realm
23%
HQ Avengers Compound
15%
World Battleworld
15%
Prison Blackgate Penitentiary
15%
City Blüdhaven
15%
Planet Contraxia
15%
Planet Counter-Earth
15%
HQ Daily Planet
15%
Earth Earth-199999
15%
Doctor Strange 2 Universe Earth-838
15%
Realm Jotunheim
15%
Island Krakoa
15%
City Madripoor
15%
Town New Asgard
15%
HQ Oscorp Tower
15%
Prison Phantom Zone
15%
Planet Sakaar
15%
Labratory STAR Labs
15%
Realm Svartalfheim
15%
Bunker The lIghthouse
15%
Realm TVA
15%
Towre Wayne Tower
15%
Factory Ace Chemicals
8%
Tower Alchemax Tower
8%
Realm Alfheim
8%
Realm Ancestral Plane
8%
Realm Du'at
8%
HQ Four Freedoms Plaza
8%
Country Genosha
8%
Planet Hala
8%
Planet Haven
8%
Mansion Hellfire Club Mansion
8%
Neighbourhood Hell's Kitchen
8%
HQ Iceberg Lounge
8%
Tower Justice League Watchtower
8%
Compound Kamar Taj
8%
HQ Kraven's Manor
8%
City K’un-Lun
8%
Castle Latveria Castle
8%
Tower LexCorp Tower
8%
Realm Muspelheim
8%
Realm Nidavellir
8%
Planet Olympus
8%
Planet Planet X
8%
HQ Pym Technologies HQ
8%
HQ Roxxon Corporation HQ
8%
HQ Sanctum Sanctorum
8%
Jungle Savage Land
8%
Vehicle SHIELD Helicarrier
8%
Swamp Slaughter Swamp
8%
Planet Sovereign
8%
HQ Stark Industries HQ
8%
Village Ta Lo
8%
Prison The Cube
8%
Prison The Vault
8%
Tower Titan Tower
8%
HQ Tower of Fate
8%
Realm Vanaheim
8%
Planet Zen-Whoberi
8%
What if...? Earth Zombie Universe
8%
No matching quizzes found
Score Distribution
Percent of People with Each Score
Percentile by Number Answered
Your Score History
You have not taken this quiz